Library of the University of Algiers 3
Ibrahim Sultan Cheibout
شعار جامعة الجزائر 3
مكتبة جامعة الجزائر 3
إبراهيم سلطان شيبوط

ضوابط فصل العامل لاسباب اقتصادية في القانون الفرنسي / (رقم التسجيلة. 45995)

تفاصيل مارك
000 -LEADER
fixed length control field 01232nam a2200217Ia 4500
003 - CONTROL NUMBER IDENTIFIER
control field Ost
005 - DATE AND TIME OF LATEST TRANSACTION
control field 20260507075727.0
008 - FIXED-LENGTH DATA ELEMENTS--GENERAL INFORMATION
fixed length control field 260507s9999||||xx |||||||||||||| ||und||
020 ## - INTERNATIONAL STANDARD BOOK NUMBER
International Standard Book Number 307019906
040 ## - CATALOGING SOURCE
Transcribing agency fsecg
041 ## - LANGUAGE CODE
Language code of text/sound track or separate title ara
082 ## - DEWEY DECIMAL CLASSIFICATION NUMBER
Classification number 658.313
100 ## - MAIN ENTRY--PERSONAL NAME
Personal name الدريعي، سامي عبد الله
Relator term مؤلف
245 #0 - TITLE STATEMENT
Title ضوابط فصل العامل لاسباب اقتصادية في القانون الفرنسي /
Statement of responsibility, etc. سامي عبد الله الدريعي
260 ## - PUBLICATION, DISTRIBUTION, ETC.
Place of publication, distribution, etc. الكويت:
Name of publisher, distributor, etc. مجلس النشر العلمي,
Date of publication, distribution, etc. 2002
300 ## - PHYSICAL DESCRIPTION
Extent 178 صفحة؛
504 ## - BIBLIOGRAPHY, ETC. NOTE
Bibliography, etc. note بيبليوغرافيا : ص. 186
520 ## - SUMMARY, ETC.
Summary, etc. في هذا الكتاب : الضوابط الموضوعية لفصل العامل لاسباب اقتصادية المقصود بالسبب الاقتصادي لفصل العامل في القانون الفرنسي ، موقف المشروع الكويتي من فصل لاسباب اقتصادية الضوابط الشكلية للفصل لاسباب اقتصادية اجراءات الفصل الفردي لأسباب اقتصادية اجراءات الفصل الجماعي لأسباب اقتصادية
653 ## - INDEX TERM--UNCONTROLLED
Uncontrolled term الموظفون-طرد
942 ## - ADDED ENTRY ELEMENTS (KOHA)
Koha item type كتب
المقتنيات
Withdrawn status Lost status Source of classification or shelving scheme Damaged status Not for loan Home library Current library Date acquired Serial enumeration / chronology Inventory number Total checkouts Full call number Barcode Date last seen Price effective from Koha item type
    Library of Congress Classification   NOT LOAN / إعارة داخلية مكتبة كلية العلوم الإقتصادية والعلوم التجارية وعلوم التسيير مكتبة كلية العلوم الإقتصادية والعلوم التجارية وعلوم التسيير 07/05/2026 الطابق الأرضي 1136/1   أ/1136ن1 1136/1 07/05/2026 07/05/2026 كتب
    Dewey Decimal Classification   Available مكتبة كلية العلوم الإقتصادية والعلوم التجارية وعلوم التسيير مكتبة كلية العلوم الإقتصادية والعلوم التجارية وعلوم التسيير 07/05/2026 الطابق الأرضي 1136/2   أ/1136ن2 1136/2 07/05/2026 07/05/2026 كتب
    Dewey Decimal Classification   Available مكتبة كلية العلوم الإقتصادية والعلوم التجارية وعلوم التسيير مكتبة كلية العلوم الإقتصادية والعلوم التجارية وعلوم التسيير 07/05/2026 الطابق الثاني 1136/3   أ/1136ن3 1136/3 07/05/2026 07/05/2026 كتب

موارد الويب المفتوحة


© University of Algiers 3 All Rights Reserved
|
Implemented by LECHELAH Riad